[Event "CZE-chT1E 2324"]
[Site "Czech Republic"]
[Date "2024.04.14"]
[Round "11.5"]
[White "Frolik, Martin"]
[Black "Kostka, Vit"]
[Result "1/2-1/2"]
[WhiteElo "2138"]
[BlackElo "2206"]
[PlyCount "35"]
[EventDate "2023.10.22"]
[EventType "team-tourn"]
[EventRounds "11"]
[EventCountry "CZE"]
[SourceTitle "EXT 2025"]
[Source "ChessBase"]
[SourceDate "2024.10.14"]
[SourceVersion "1"]
[SourceVersionDate "2024.10.14"]
[SourceQuality "1"]
[WhiteTeam "Trinec"]
[BlackTeam "Orlova Slavia"]
[WhiteTeamCountry "CZE"]
[BlackTeamCountry "CZE"]

1. d4 d5 2. c4 e6 3. Nc3 Nf6 4. Bg5 Be7 5. e3 0-0 6. Bxf6 Bxf6 7. Rc1 c6 8. Bd3 Nd7 9. Nf3 dxc4 10. Bxc4 e5 11. 0-0 exd4 12. Nxd4 Nb6 13. Bb3 Re8 14. Qf3 Qe7 15. Rfd1 g6 16. Ne4 Be5 17. Ng5 Rf8 18. Ne4 1/2-1/2

[Event "CZE-chT1E 2324"]
[Site "Czech Republic"]
[Date "2024.02.18"]
[Round "8.4"]
[White "Frolik, Martin"]
[Black "Skalsky, Alexandr"]
[Result "1/2-1/2"]
[WhiteElo "2138"]
[BlackElo "2184"]
[PlyCount "75"]
[EventDate "2023.10.22"]
[EventType "team-tourn"]
[EventRounds "11"]
[EventCountry "CZE"]
[SourceTitle "EXT 2025"]
[Source "ChessBase"]
[SourceDate "2024.10.14"]
[SourceVersion "1"]
[SourceVersionDate "2024.10.14"]
[SourceQuality "1"]
[WhiteTeam "Trinec"]
[BlackTeam "Stare Mesto"]
[WhiteTeamCountry "CZE"]
[BlackTeamCountry "CZE"]

1. d4 Nf6 2. c4 g6 3. Nc3 d5 4. cxd5 Nxd5 5. e4 Nxc3 6. bxc3 Bg7 7. Nf3 c5 8. Rb1 0-0 9. Be2 Nc6 10. d5 Ne5 11. Nxe5 Bxe5 12. Qd2 e6 13. f4 Bc7 14. 0-0 exd5 15. exd5 Ba5 16. Bb2 Bf5 17. Rbd1 Qd6 18. Kh1 Rfe8 19. Bf3 c4 20. Rfe1 h5 21. Qd4 Bd3 22. Rxe8+ Rxe8 23. Qxa7 b6 24. Bc1 Bc2 25. Rf1 Bd3 26. Rd1 Bxc3 27. Qb7 Bc2 28. Rf1 Bd3 29. Rd1 Bd4 30. Qc6 Qe7 31. Bd2 Bc5 32. Bc3 Bd6 33. Qxb6 Bxf4 34. Qd4 Be5 35. Qxe5 Qxe5 36. Bxe5 Rxe5 37. Kg1 Kf8 38. Kf2 1/2-1/2

[Event "CZE-chT1E 2223"]
[Site "Czech Republic"]
[Date "2023.02.26"]
[Round "9.5"]
[White "Kubos, Rostislav"]
[Black "Frolik, Martin"]
[Result "1/2-1/2"]
[WhiteElo "2168"]
[BlackElo "2128"]
[PlyCount "40"]
[EventDate "2022.10.08"]
[EventType "team-tourn"]
[EventRounds "11"]
[EventCountry "CZE"]
[SourceTitle "CBM 213 Extra"]
[Source "ChessBase"]
[SourceDate "2023.05.31"]
[SourceVersion "1"]
[SourceVersionDate "2023.05.31"]
[SourceQuality "1"]
[WhiteTeam "Orlova Slavia"]
[BlackTeam "Trinec"]
[WhiteTeamCountry "CZE"]
[BlackTeamCountry "CZE"]

1. d4 d5 2. c4 e6 3. Nf3 c5 4. cxd5 exd5 5. g3 Nc6 6. Bg2 Nf6 7. 0-0 Be7 8. Nc3 cxd4 9. Nxd4 0-0 10. b3 Bc5 11. Nxc6 bxc6 12. Bb2 Bf5 13. Na4 Be7 14. Rc1 Qd7 15. Qd4 Rfe8 16. Rfe1 Rab8 17. Nc5 Bxc5 18. Rxc5 Re6 19. Qf4 Rbe8 20. e3 Ne4 1/2-1/2

[Event "CZE-chT1E 2122"]
[Site "Czech Republic"]
[Date "2022.03.26"]
[Round "10.2"]
[White "Frolik, Martin"]
[Black "Kovarik, Matyas"]
[Result "0-1"]
[WhiteElo "2156"]
[BlackElo "1956"]
[PlyCount "68"]
[EventDate "2021.10.09"]
[EventType "team-tourn"]
[EventRounds "11"]
[EventCountry "CZE"]
[SourceTitle "EXT 2023"]
[Source "ChessBase"]
[SourceDate "2022.10.05"]
[SourceVersion "1"]
[SourceVersionDate "2022.10.05"]
[SourceQuality "1"]
[WhiteTeam "Trinec"]
[BlackTeam "Vsetin"]
[WhiteTeamCountry "CZE"]
[BlackTeamCountry "CZE"]

1. d4 d5 2. c4 e6 3. Nc3 Nf6 4. Bg5 Be7 5. e3 0-0 6. Nf3 Nbd7 7. Bd3 dxc4 8. Bxc4 a6 9. a4 c5 10. 0-0 cxd4 11. exd4 Nb6 12. Bb3 Nbd5 13. Re1 Nxc3 14. bxc3 Bd7 15. Ne5 Rc8 16. c4 Be8 17. Qd3 Bc6 18. a5 Nd7 19. Bc2 g6 20. Nxc6 Rxc6 21. Bxe7 Qxe7 22. d5 Rcc8 23. Rab1 Nc5 24. Qd4 Qc7 25. d6 Qxa5 26. Re5 f6 27. Re3 Qd8 28. Rh3 Qd7 29. Qh4 Rc6 30. Bxg6 hxg6 31. Qh8+ Kf7 32. Rh7+ Ke8 33. Rxd7 Rxh8 34. Rc7 Rxc7 0-1

[Event "CZE-chT2F 2122"]
[Site "Czech Republic"]
[Date "2021.12.19"]
[Round "5.5"]
[White "Frolik, Martin"]
[Black "Sikora, Matous"]
[Result "1/2-1/2"]
[WhiteElo "2153"]
[BlackElo "2053"]
[PlyCount "41"]
[EventDate "2021.10.17"]
[EventType "team-tourn"]
[EventRounds "11"]
[EventCountry "CZE"]
[SourceTitle "EXT 2024"]
[Source "ChessBase"]
[SourceDate "2023.10.10"]
[SourceVersion "1"]
[SourceVersionDate "2023.10.10"]
[SourceQuality "1"]
[WhiteTeam "Trinec II"]
[BlackTeam "Orlova Slavia II"]
[WhiteTeamCountry "CZE"]
[BlackTeamCountry "CZE"]

1. d4 e6 2. c4 Bb4+ 3. Nc3 Bxc3+ 4. bxc3 Nf6 5. Qc2 d6 6. Nf3 Nbd7 7. e4 e5 8. Be2 Qe7 9. d5 Nc5 10. Nd2 0-0 11. 0-0 Ne8 12. Ba3 f5 13. Bxc5 dxc5 14. exf5 Bxf5 15. Bd3 Nd6 16. Rae1 Rae8 17. f3 Qg5 18. Bxf5 Rxf5 19. Ne4 Nxe4 20. fxe4 Rxf1+ 21. Rxf1 1/2-1/2

[Event "CZE-chT1E 1920"]
[Site "Czech Republic"]
[Date "2020.01.05"]
[Round "5.4"]
[White "Frolik, Martin"]
[Black "Pala, Vladimir"]
[Result "1/2-1/2"]
[WhiteElo "2187"]
[BlackElo "2226"]
[PlyCount "32"]
[EventDate "2019.10.20"]
[EventType "team-tourn"]
[EventRounds "11"]
[EventCountry "CZE"]
[SourceTitle "CBM 194 Extra"]
[Source "ChessBase"]
[SourceDate "2020.03.31"]
[SourceVersion "1"]
[SourceVersionDate "2020.03.31"]
[SourceQuality "1"]
[WhiteTeam "Trinec"]
[BlackTeam "Hostalkova"]
[WhiteTeamCountry "CZE"]
[BlackTeamCountry "CZE"]

1. d4 Nf6 2. Nf3 g6 3. c4 d6 4. Nc3 Bg7 5. e4 0-0 6. Be2 Bg4 7. 0-0 Nfd7 8. Be3 Bxf3 9. Bxf3 e5 10. d5 f5 11. Rb1 a5 12. a3 Nf6 13. b4 axb4 14. axb4 Nbd7 15. Qe2 h6 16. Rfc1 b6 1/2-1/2

[Event "CZE-chT1E 1718"]
[Site "Czech Republic"]
[Date "2018.01.21"]
[Round "6.3"]
[White "Frolik, Martin"]
[Black "Hladik, Oto"]
[Result "1/2-1/2"]
[WhiteElo "2192"]
[BlackElo "2177"]
[PlyCount "34"]
[EventDate "2017.10.22"]
[EventType "team-tourn"]
[EventRounds "11"]
[EventCountry "CZE"]
[SourceTitle "EXT 2019"]
[Source "ChessBase"]
[SourceDate "2018.10.10"]
[SourceVersion "1"]
[SourceVersionDate "2018.10.10"]
[SourceQuality "1"]
[WhiteTeam "Trinec"]
[BlackTeam "Ostrava"]
[WhiteTeamCountry "CZE"]
[BlackTeamCountry "CZE"]

1. d4 Nf6 2. Nf3 g6 3. c4 Bg7 4. Nc3 d6 5. e4 0-0 6. Be2 Bg4 7. h3 Bxf3 8. Bxf3 Nbd7 9. Be3 Rb8 10. 0-0 a6 11. a4 a5 12. Qc2 e5 13. d5 Nc5 14. Rad1 Ne8 15. Bg4 Nf6 16. Be2 Nfd7 17. Bg4 Nf6 1/2-1/2

[Event "CZE-chT1E 1718"]
[Site "Czech Republic"]
[Date "2018.01.07"]
[Round "5.4"]
[White "Horsak, Jan"]
[Black "Frolik, Martin"]
[Result "1/2-1/2"]
[WhiteElo "2113"]
[BlackElo "2192"]
[PlyCount "116"]
[EventDate "2017.10.22"]
[EventType "team-tourn"]
[EventRounds "11"]
[EventCountry "CZE"]
[SourceTitle "EXT 2019"]
[Source "ChessBase"]
[SourceDate "2018.10.10"]
[SourceVersion "1"]
[SourceVersionDate "2018.10.10"]
[SourceQuality "1"]
[WhiteTeam "Stare Mesto"]
[BlackTeam "Trinec"]
[WhiteTeamCountry "CZE"]
[BlackTeamCountry "CZE"]

1. c4 e6 2. g3 d5 3. Bg2 Nf6 4. Nf3 c5 5. 0-0 Nc6 6. d3 Be7 7. Na3 0-0 8. Bd2 d4 9. Rb1 e5 10. Nc2 a5 11. a3 a4 12. b4 axb3 13. Rxb3 Qc7 14. Qb1 Ne8 15. e3 Ra4 16. exd4 cxd4 17. Nb4 Nxb4 18. Bxb4 Bxb4 19. axb4 f6 20. Rc1 Be6 21. b5 Qa5 22. Qc2 b6 23. Qe2 Bf7 24. Rb2 Nc7 25. Nh4 g6 26. Qg4 Ne6 27. Bd5 Ra1 28. Rbc2 Rxc1+ 29. Rxc1 Qa3 30. Rd1 Ng7 31. Qd7 Qa4 32. Rf1 Qa5 33. f4 exf4 34. Bxf7+ Rxf7 35. Qd8+ Rf8 36. Qxd4 g5 37. Nf5 Nxf5 38. Qd5+ Kg7 39. Qxf5 fxg3 40. hxg3 Qc3 41. Qd5 Rf7 42. Kg2 Qd2+ 43. Rf2 Qe3 44. Qf5 h5 45. Qf3 Qxf3+ 46. Kxf3 f5 47. d4 f4 48. g4 hxg4+ 49. Kxg4 Kf6 50. Rh2 Kg6 51. c5 f3 52. Kg3 bxc5 53. dxc5 Rf5 54. b6 Rxc5 55. Rb2 Rc8 56. b7 Rb8 57. Kxf3 Kf5 58. Rb6 Ke5 1/2-1/2

[Event "CZE-chT1E 1718"]
[Site "Czech Republic"]
[Date "2017.10.22"]
[Round "1.2"]
[White "Dvorak, Martin"]
[Black "Frolik, Martin"]
[Result "1/2-1/2"]
[WhiteElo "2153"]
[BlackElo "2192"]
[PlyCount "25"]
[EventDate "2017.10.22"]
[EventType "team-tourn"]
[EventRounds "11"]
[EventCountry "CZE"]
[SourceTitle "CBM 181 Extra"]
[Source "ChessBase"]
[SourceDate "2017.12.12"]
[SourceVersion "1"]
[SourceVersionDate "2017.12.12"]
[SourceQuality "1"]
[WhiteTeam "Kromeriz"]
[BlackTeam "Trinec"]
[WhiteTeamCountry "CZE"]
[BlackTeamCountry "CZE"]

1. e4 c5 2. Nf3 e6 3. c4 Nc6 4. Nc3 e5 5. g3 d6 6. h3 Be7 7. Bg2 Nf6 8. 0-0 0-0 9. d3 Ne8 10. Nh2 Rb8 11. f4 Nd4 12. Nf3 Nc7 13. Nxd4 1/2-1/2

[Event "CZE-chT2F 1617"]
[Site "Czech Republic"]
[Date "2016.12.11"]
[Round "5.6"]
[White "Kubos, Rostislav"]
[Black "Frolik, Martin"]
[Result "1/2-1/2"]
[WhiteElo "2184"]
[BlackElo "2197"]
[PlyCount "43"]
[EventDate "2016.10.09"]
[EventType "team-tourn"]
[EventRounds "11"]
[EventCountry "CZE"]
[SourceTitle "EXT 2022"]
[Source "ChessBase"]
[SourceDate "2021.10.06"]
[SourceVersion "1"]
[SourceVersionDate "2021.10.06"]
[SourceQuality "1"]
[WhiteTeam "Orlova Slavia"]
[BlackTeam "Trinec II"]
[WhiteTeamCountry "CZE"]
[BlackTeamCountry "CZE"]

1. d4 d5 2. Nf3 e6 3. g3 c5 4. Bg2 Nc6 5. 0-0 Nf6 6. c4 Be7 7. Nc3 0-0 8. cxd5 exd5 9. Bg5 cxd4 10. Nxd4 h6 11. Be3 Re8 12. Rc1 Bg4 13. h3 Be6 14. Qd3 Qd7 15. g4 Bd6 16. Nxc6 bxc6 17. Bd4 Qe7 18. Rfd1 h5 19. e4 Bf4 20. exd5 Nxd5 21. Nxd5 cxd5 22. Be3 1/2-1/2

[Event "CZE-chT 1516"]
[Site "Czech Republic"]
[Date "2016.04.15"]
[Round "9.5"]
[White "Frolik, Martin"]
[Black "Vesselovsky, Serguei"]
[Result "1/2-1/2"]
[WhiteElo "2189"]
[BlackElo "2339"]
[PlyCount "22"]
[EventDate "2015.11.07"]
[EventType "team-tourn"]
[EventRounds "11"]
[EventCountry "CZE"]
[SourceTitle "EXT 2017"]
[Source "ChessBase"]
[SourceDate "2016.10.25"]
[SourceVersion "1"]
[SourceVersionDate "2016.10.25"]
[SourceQuality "1"]
[WhiteTeam "Trinec"]
[BlackTeam "Frydek Mistek"]
[WhiteTeamCountry "CZE"]
[BlackTeamCountry "CZE"]

1. d4 g6 2. c4 Bg7 3. Nc3 c5 4. d5 d6 5. e4 Nf6 6. h3 0-0 7. Nf3 e6 8. Bd3 exd5 9. cxd5 b5 10. Nxb5 Nxe4 11. 0-0 a6 1/2-1/2

[Event "CZE-chT 1516"]
[Site "Czech Republic"]
[Date "2015.12.05"]
[Round "3.5"]
[White "Frolik, Martin"]
[Black "Jirovsky, Milos"]
[Result "1/2-1/2"]
[WhiteElo "2189"]
[BlackElo "2458"]
[PlyCount "108"]
[EventDate "2015.11.07"]
[EventType "team-tourn"]
[EventRounds "11"]
[EventCountry "CZE"]
[SourceTitle "CBM 169 Extra"]
[Source "ChessBase"]
[SourceDate "2015.12.18"]
[SourceVersion "1"]
[SourceVersionDate "2015.12.18"]
[SourceQuality "1"]
[WhiteTeam "Trinec"]
[BlackTeam "Pardubice"]
[WhiteTeamCountry "CZE"]
[BlackTeamCountry "CZE"]

1. d4 d5 2. c4 e6 3. Nc3 c6 4. cxd5 exd5 5. Nf3 Bf5 6. Bg5 Be7 7. Bxe7 Qxe7 8. e3 Nf6 9. Rc1 Nbd7 10. Be2 0-0 11. 0-0 Rfe8 12. Qb3 Rab8 13. a3 Qd6 14. Qb4 Qxb4 15. axb4 a6 16. Ra1 Ne4 17. Rfc1 Bg4 18. Rc2 Re7 19. h3 Bh5 20. g4 Bg6 21. Nh4 Nxc3 22. Rxc3 Nf6 23. f3 Ne8 24. Kf2 Nd6 25. b3 f6 26. Nxg6 hxg6 27. Bd3 Kf7 28. Rc2 Rh8 29. Rh1 f5 30. g5 Rh4 31. Re2 Re8 32. f4 Ke7 33. Kg3 Reh8 34. Rhh2 Kd7 35. Rc2 Kc7 36. Kg2 Kb6 37. Rh1 Re8 38. Kf3 Re6 39. Rhh2 Re7 40. Rc5 Re8 41. Rh1 Nf7 42. Rh2 Nd8 43. Rh1 Ne6 44. Rcc1 Re7 45. Rc2 Nc7 46. Rc5 Re8 47. Rh2 Nb5 48. Bxb5 axb5 49. Rcc2 Ra8 50. Kg3 Rhh8 51. Ra2 Kc7 52. h4 Kd6 53. Rhe2 Ke6 54. Rec2 Kd6 1/2-1/2

[Event "CZE-chT2F 1415"]
[Site "Czech Republic"]
[Date "2015.03.15"]
[Round "9.33"]
[White "Parak, Dominik"]
[Black "Frolik, Martin"]
[Result "1-0"]
[WhiteElo "2076"]
[BlackElo "2223"]
[PlyCount "83"]
[EventDate "2014.11.02"]
[EventType "team-tourn"]
[EventRounds "11"]
[EventCountry "CZE"]
[SourceTitle "EXT 2022"]
[Source "ChessBase"]
[SourceDate "2021.10.06"]
[SourceVersion "1"]
[SourceVersionDate "2021.10.06"]
[SourceQuality "1"]
[WhiteTeam "Vsetin"]
[BlackTeam "Trinec II"]
[WhiteTeamCountry "CZE"]
[BlackTeamCountry "CZE"]

1. e4 c5 2. Nf3 e6 3. d4 cxd4 4. Nxd4 Nf6 5. Bd3 Bc5 6. Nb3 Be7 7. Nc3 0-0 8. 0-0 Nc6 9. Re1 d6 10. f4 e5 11. Nd5 exf4 12. Bxf4 Ng4 13. c3 Bh4 14. Rf1 Bg5 15. Qd2 Bxf4 16. Qxf4 Nge5 17. Bc2 Bg4 18. Nd4 Rc8 19. Nf5 Bxf5 20. exf5 Ne7 21. Nxe7+ Qxe7 22. f6 Qxf6 23. Qxf6 gxf6 24. Rxf6 Nc4 25. Re1 Kg7 26. Rf4 Ne5 27. Rd1 Rc6 28. Rb4 Rb8 29. Be4 Ra6 30. a3 Nc6 31. Rb5 Na5 32. Rh5 Nc4 33. Rxh7+ Kg8 34. Rd3 Re8 35. Rg3+ Kf8 36. Bd3 d5 37. Bxc4 dxc4 38. Rh8+ Ke7 39. Re3+ Re6 40. Rxe8+ Kxe8 41. Rxe6+ fxe6 42. Kf2 1-0

[Event "CZE-chT2F 1415"]
[Site "Czech Republic"]
[Date "2014.12.14"]
[Round "4.65"]
[White "Zboril, Tomas"]
[Black "Frolik, Martin"]
[Result "1-0"]
[WhiteElo "2091"]
[BlackElo "2223"]
[PlyCount "41"]
[EventDate "2014.11.02"]
[EventType "team-tourn"]
[EventRounds "11"]
[EventCountry "CZE"]
[SourceTitle "EXT 2022"]
[Source "ChessBase"]
[SourceDate "2021.10.06"]
[SourceVersion "1"]
[SourceVersionDate "2021.10.06"]
[SourceQuality "1"]
[WhiteTeam "Litovel Tatran II"]
[BlackTeam "Trinec II"]
[WhiteTeamCountry "CZE"]
[BlackTeamCountry "CZE"]

1. e4 c5 2. Nf3 e6 3. b3 Nc6 4. Bb2 d6 5. d4 Nf6 6. Nc3 Qa5 7. d5 exd5 8. exd5 Nb4 9. Bb5+ Kd8 10. 0-0 Bf5 11. Ng5 Qc7 12. Qf3 Bg6 13. Rfe1 Be7 14. Rac1 h6 15. Nge4 Rg8 16. a3 Bxe4 17. Nxe4 Nbxd5 18. Rcd1 Nxe4 19. Rxe4 Nf6 20. Re2 Qa5 21. Qxb7 1-0

[Event "CZE-chT2F 1415"]
[Site "Czech Republic"]
[Date "2014.11.30"]
[Round "3.23"]
[White "Frolik, Martin"]
[Black "Surman, Martin"]
[Result "1/2-1/2"]
[WhiteElo "2223"]
[BlackElo "2209"]
[PlyCount "26"]
[EventDate "2014.11.02"]
[EventType "team-tourn"]
[EventRounds "11"]
[EventCountry "CZE"]
[SourceTitle "EXT 2022"]
[Source "ChessBase"]
[SourceDate "2021.10.06"]
[SourceVersion "1"]
[SourceVersionDate "2021.10.06"]
[SourceQuality "1"]
[WhiteTeam "Trinec II"]
[BlackTeam "Mosty u Jablunkova"]
[WhiteTeamCountry "CZE"]
[BlackTeamCountry "CZE"]

1. d4 Nf6 2. Nf3 e6 3. c4 d5 4. Nc3 c6 5. cxd5 cxd5 6. Bg5 Nbd7 7. e3 Qa5 8. Bxf6 Nxf6 9. Bd3 a6 10. Qa4+ Qxa4 11. Nxa4 Bd7 12. Nb6 Rb8 13. Nxd7 Bb4+ 1/2-1/2

[Event "CZE-chT2F 1314"]
[Site "Czech Republic"]
[Date "2014.04.06"]
[Round "11.35"]
[White "Frolik, Martin"]
[Black "Chlevistan, Jakub"]
[Result "1-0"]
[WhiteElo "2213"]
[BlackElo "2142"]
[PlyCount "87"]
[EventDate "2013.11.03"]
[EventType "team-tourn"]
[EventRounds "11"]
[EventCountry "CZE"]
[SourceTitle "EXT 2016"]
[Source "ChessBase"]
[SourceDate "2015.10.08"]
[SourceVersion "1"]
[SourceVersionDate "2015.10.08"]
[SourceQuality "1"]
[WhiteTeam "Trinec II"]
[BlackTeam "Poruba VOKD"]
[WhiteTeamCountry "CZE"]
[BlackTeamCountry "CZE"]

1. d4 Nf6 2. Nf3 e6 3. c4 b6 4. Nc3 Bb7 5. e3 Bb4 6. Bd3 0-0 7. 0-0 c5 8. a3 Bxc3 9. bxc3 d6 10. Re1 Nbd7 11. Nd2 e5 12. d5 Re8 13. e4 Nf8 14. Nf1 Ng6 15. g3 Bc8 16. Ne3 h6 17. Ra2 Nh7 18. Nf5 Ne7 19. f4 Ng6 20. Nxh6+ gxh6 21. f5 Ngf8 22. Bxh6 Qf6 23. Qh5 Ng6 24. Rf1 Ne7 25. Raf2 Kh8 26. g4 Rg8 27. Rg2 Rg5 28. Bxg5 Qxg5 29. Qxg5 Nxg5 30. Rg3 f6 31. h4 Nf7 32. g5 Ng8 33. Kf2 Bd7 34. Rfg1 Rb8 35. Be2 b5 36. cxb5 Rb6 37. c4 a6 38. a4 a5 39. Ke3 Rb7 40. gxf6 Nxf6 41. Rg6 Ne8 42. Bh5 Kh7 43. Rg8 Nh6 44. Rxe8 1-0

[Event "CZE-chT2F 1314"]
[Site "Czech Republic"]
[Date "2014.01.05"]
[Round "5.67"]
[White "Rambousek, Jan"]
[Black "Frolik, Martin"]
[Result "0-1"]
[WhiteElo "2001"]
[BlackElo "2213"]
[PlyCount "108"]
[EventDate "2013.11.03"]
[EventType "team-tourn"]
[EventRounds "11"]
[EventCountry "CZE"]
[SourceTitle "EXT 2016"]
[Source "ChessBase"]
[SourceDate "2015.10.08"]
[SourceVersion "1"]
[SourceVersionDate "2015.10.08"]
[SourceQuality "1"]
[WhiteTeam "Opava KVS"]
[BlackTeam "Trinec II"]
[WhiteTeamCountry "CZE"]
[BlackTeamCountry "CZE"]

1. Nf3 d5 2. g3 Nf6 3. Bg2 c5 4. 0-0 Nc6 5. d3 h6 6. Nbd2 Bf5 7. Re1 e6 8. b3 Be7 9. Bb2 0-0 10. e4 Bg4 11. h3 Bxf3 12. Bxf3 Rc8 13. Bg2 b5 14. e5 Nd7 15. Qg4 Qa5 16. Nf3 Rfe8 17. a3 c4 18. dxc4 bxc4 19. b4 Qa4 20. Re2 c3 21. Bxc3 Ncb8 22. Qd4 Rc4 23. Qd2 Rec8 24. Re3 Nb6 25. Bf1 R4c7 26. Nd4 Nc4 27. Bxc4 Rxc4 28. Bb2 Nc6 29. Nxc6 Qxc6 30. Bd4 Rxc2 31. Qd3 Qb7 32. Ree1 R2c4 33. Reb1 a6 34. h4 h5 35. Rd1 Qb5 36. Kg2 Rc2 37. Qxb5 axb5 38. Kg1 Ra8 39. Kf1 Kh7 40. Kg1 Kg6 41. Kg2 Kf5 42. Rd3 Rc4 43. Bb2 Bd8 44. Rf3+ Kg6 45. Rd1 Bb6 46. Rfd3 Rc2 47. R1d2 Rac8 48. Kf3 Rxd2 49. Rxd2 Kf5 50. Ke2 Rc4 51. f3 Bc7 52. f4 Ke4 53. Ba1 Bb6 54. Bb2 Be3 0-1

[Event "CZE-chT2F 1314"]
[Site "Czech Republic"]
[Date "2014.01.04"]
[Round "6.26"]
[White "Frolik, Martin"]
[Black "Cupek, Martin"]
[Result "1-0"]
[WhiteElo "2213"]
[BlackElo "2056"]
[PlyCount "81"]
[EventDate "2013.11.03"]
[EventType "team-tourn"]
[EventRounds "11"]
[EventCountry "CZE"]
[SourceTitle "EXT 2016"]
[Source "ChessBase"]
[SourceDate "2015.10.08"]
[SourceVersion "1"]
[SourceVersionDate "2015.10.08"]
[SourceQuality "1"]
[WhiteTeam "Trinec II"]
[BlackTeam "Mosty u Jablunkova"]
[WhiteTeamCountry "CZE"]
[BlackTeamCountry "CZE"]

1. d4 Nc6 2. c4 e5 3. d5 Nce7 4. Nc3 Ng6 5. Qc2 Bc5 6. g3 d6 7. Bh3 Bxh3 8. Nxh3 h6 9. Qa4+ Ke7 10. Ng1 f5 11. h4 Nf6 12. h5 Nf8 13. Nf3 Ng4 14. e3 g5 15. Qc2 Qd7 16. Na4 Bb4+ 17. Bd2 Bxd2+ 18. Nxd2 c5 19. Nc3 e4 20. Ke2 Ne5 21. Qa4 Qc8 22. f3 exf3+ 23. Nxf3 Nxf3 24. Kxf3 Nd7 25. Kg2 Ne5 26. Rae1 f4 27. exf4 gxf4 28. Ne4 Rf8 29. Qb3 b6 30. Rh4 f3+ 31. Kf1 Qf5 32. Qc3 Kd7 33. b3 Rae8 34. Nf2 Qg5 35. Ne4 Qg7 36. a3 Rf5 37. b4 Qf7 38. bxc5 dxc5 39. Qc2 Rxh5 40. Rxh5 Qxh5 41. Nf6+ 1-0